| 000 | 00828nam a22002775i 4500 | ||
|---|---|---|---|
| 999 |
_c8110 _d8110 |
||
| 001 | 21320312 | ||
| 003 | OSt | ||
| 005 | 20230322161348.0 | ||
| 008 | 191204s2020 pau 000 0 eng | ||
| 010 | _a 2019956336 | ||
| 020 |
_a0721696597 _q(hardback) |
||
| 040 |
_aDLC _beng _erda _cDLC |
||
| 042 | _apcc | ||
| 082 | _aW84.6B636p 2005. | ||
| 100 | 1 |
_aBoissonnault, William G., _eauthor. _916548 |
|
| 245 | 1 | 0 |
_aPrimary care for the physical therapist examination and triage / _cWilliam G. Boissonnault. |
| 263 | _a2005 | ||
| 264 | 1 |
_aPhiladelphia : _bElsevier, Inc, _c2005 |
|
| 300 | _axvii.,381p; | ||
| 336 |
_atext _btxt _2rdacontent |
||
| 337 |
_aunmediated _bn _2rdamedia |
||
| 338 |
_avolume _bnc _2rdacarrier |
||
| 906 |
_a0 _bibc _corignew _d2 _eepcn _f20 _gy-gencatlg |
||
| 942 |
_2z _cO_SHELF |
||